| 000 | 01232nam a22002177a 4500 | ||
|---|---|---|---|
| 008 | 231207s2023 xxk|||||o|||| 00| 0 eng d | ||
| 041 | _aeng | ||
| 110 | _aRoyal Institution of Chartered Surveyors | ||
| 245 |
_aMaterial information – what to know and what happens next _h[Electronic resource] |
||
| 260 |
_aLondon, _bRoyal Institution of Chartered Surveyors, _c30 November 2023 |
||
| 300 | _aonline news article | ||
| 520 | _aWhilst RICS recognises the principles to provide greater clarity on material information, we also recognise there are challenges within the new guidance. Material information is no substitute for professional advice, and consumers should be aware that the information collected as part of the new guidance may not accurately reflect the full extent of the property condition which would be covered through a home survey. | ||
| 650 | _aRESIDENTIAL PROPERTY | ||
| 650 | _aMATERIAL INFORMATION | ||
| 650 | _aESTATE AGENCY | ||
| 651 | _aUnited Kingdom | ||
| 690 |
_96266 _aResidential property |
||
| 710 | _aRoyal Institution of Chartered Surveyors | ||
| 856 |
_uhttps://www.rics.org/news-insights/material-information-what-to-know-and-what-happens-next _zAvailable free on RICS.org |
||
| 942 | _n0 | ||
| 999 |
_c121728 _d121728 |
||